00427 2200169 4500001002100000008004100021035002000062245003500082100002000117260002800137300002400165020002100189084001400210082000800224650001000232990001500242INLIS000000000003279 ind  a0010-1225000100 aGenduk DukucY.B. Mangunwijaya aMangunwijaya, Y aJakartabGramediac2025 a272 hlmc14 x 21 cm a978-02-06-3319-0 a813 MAN g a813 aFiksi a19754/B/26